[Event "Brisbane AUS, Xstrata ch 2006"]
[Site "?"]
[Date "2006.01.03"]
[Round "6"]
[White "Ftacnik Lubomir"]
[Black "Chandler Murray G"]
[Result "0-1"]
[WhiteElo "2612"]
[BlackElo "2537"]
[PlyCount "163"]
[EventDate "2006.??.??"]
[Source "www.chesslib.no"]
[SourceDate "2004.05.04"]

1. d4 d6 2. Nf3 Bg4 3. c4 Nd7 4. g3 Bxf3 5. exf3 g6 6. Nc3 Bg7 7. Bg2 c6 8. Be3 Ngf6 9. d5 O-O 10. O-O Qa5 11. f4 Nb6 12. Qb3 Rac8 13. Rfe1 Rfe8 14. Bh3 Rcd8 15. Rad1 Nfd7 16. Ne4 Nc5 17. Nxc5 dxc5 18. Bd2 Qa4 19. Qxa4 Nxa4 20. Ba5 b6 21. dxc6 Rxd1 22. Rxd1 bxa5 23. c7 Nb6 24. Rd8 Rf8 25. Bd7 e5 26. Kg2 exf4 27. gxf4 Bf6 28. Rb8 Be7 29. Be8 Bd6 30. Rxb6 Bxc7 31. Rb7 Bxf4 32. Bc6 Rc8 33. Bd5 Rc7 34. Rxc7 Bxc7 35. Bc6 Kg7 36. h3 f5 37. b3 Kf6 38. Bd7 Ke5 39. Bc6 Kd4 40. Bb5 Kc3 41. Bc6 Kb2 42. f3 Kxa2 43. Ba4 Kb2 44. Kf1 Kc3 45. Kf2 Kd4 46. Bd7 Bf4 47. Bc6 Bc1 48. Bd7 Ke5 49. Bb5 Kf4 50. Bc6 Be3+ 51. Kg2 Bd4 52. Bd7 Ke3 53. Be8 Be5 54. Bd7 Bc7 55. Be8 Bd8 56. Bd7 Bf6 57. Be8 g5 58. Bd7 f4 59. Be8 Ke2 60. Bd7 h5 61. Be8 g4 62. hxg4 hxg4 63. Bc6 a4 64. bxa4 gxf3+ 65. Bxf3+ Kd3 66. Bd5 a5 67. Kf3 Be5 68. Be6 Bb8 69. Bf7 Kc3 70. Ke2 Kb4 71. Be8 Kxc4 72. Bc6 Kb3 73. Kd2 Bd6 74. Ke2 c4 75. Bd5 Kxa4 76. Bxc4 Kb4 77. Bd5 a4 78. Kd3 a3 79. Ba2 Bf8 80. Be6 Bh6 81. Bd5 f3 82. Kd4 0-1

[Event "4th IECC"]
[Site "Istanbul"]
[Date "2003.06.13"]
[Round "13"]
[White "Istratescu, Andrei"]
[Black "Conquest, Stuart"]
[Result "1-0"]
[WhiteElo "2593"]
[BlackElo "2556"]
[PlyCount "157"]
[EventDate "2003.05.30"]
[Source "Roberto Alvarez"]
[SourceDate "2003.06.23"]

1. d4 d6 2. Nf3 Bg4 3. c4 Nd7 4. Qb3 Rb8 5. h3 Bxf3 6. Qxf3 g6 7. e3 Bg7 8. Qd1 e5 9. d5 f5 10. Nc3 Nh6 11. e4 O-O 12. Bd3 a6 13. Be3 Qh4 14. Qe2 c5 15. a4 Kh8 16. Bd2 Ng8 17. g3 Qf6 18. g4 f4 19. f3 Qh4+ 20. Kd1 h6 21. a5 Qd8 22. h4 Ngf6 23. Qg2 Rg8 24. b3 Bf8 25. Ra3 Be7 26. Be1 Kg7 27. Bf1 Qc7 28. Qa2 Rh8 29. Bh3 Qd8 30. Na4 Nh7 31. Bf1 Nhf6 32. Nb2 Qc7 33. Nd3 Rbc8 34. Bc3 Kf7 35. Qa1 Rh7 36. Ra2 Rch8 37. Rah2 g5 38. h5 Rb8 39. Ra2 Rhh8 40. Be2 Rhc8 41. Ke1 Ne8 42. Bd1 Bf6 43. Kf2 Qd8 44. Kg2 Kg7 45. Bc2 Rc7 46. Rb1 Rcc8 47. Bd1 Qe7 48. Be2 Kh7 49. Ra4 Bg7 50. Qa2 Qd8 51. Be1 Nef6 52. Bf2 Bf8 53. Rb2 Qe8 54. Qb1 Ra8 55. b4 b5 56. cxb5 axb5 57. Ra3 c4 58. Ne1 Nb8 59. Nc2 Na6 60. Rc3 Kg8 61. Na3 Be7 62. Qf1 Bd8 63. Nxb5 Qxb5 64. Rxc4 Rxc4 65. Bxc4 Qb7 66. Bb5 Qc8 67. Qe2 Nxb4 68. Rxb4 Bxa5 69. Rc4 Qf8 70. Qc2 Rb8 71. Ba6 Kh8 72. Bc8 Bb6 73. Bxb6 Rxb6 74. Be6 Rb8 75. Rc7 Qd8 76. Qc6 Ne8 77. Ra7 Nf6 78. Qc7 Qxc7 79. Rxc7 1-0

[Event "RUS Team Ch"]
[Site "Podolsk RUS"]
[Date "1992.??.??"]
[Round "?"]
[White "Gleizerov, Evgeny"]
[Black "Epishin, Vladimir V"]
[Result "0-1"]
[WhiteElo "2525"]
[BlackElo "2620"]
[PlyCount "76"]
[EventDate "1992.??.??"]
[Source "www.chesslib.no"]
[SourceDate "2004.05.04"]

1. d4 d6 2. Nf3 Bg4 3. c4 Bxf3 4. exf3 Nd7 5. f4 g6 6. Nc3 Bg7 7. Be2 Nh6 8. g4 e5 9. dxe5 dxe5 10. fxe5 Nxe5 11. Qxd8+ Rxd8 12. Bxh6 Bxh6 13. Rd1 c6 14. O-O f5 15. Rxd8+ Kxd8 16. f3 Ke7 17. Rd1 Be3+ 18. Kg2 h5 19. h3 Rf8 20. b3 h4 21. Nb1 fxg4 22. hxg4 Nxg4 23. fxg4 Rf2+ 24. Kh3 Bf4 25. g5 Rxe2 26. Kg4 Bg3 27. Nd2 Re1 28. Rxe1+ Bxe1 29. Ne4 b6 30. Nf6 Ke6 31. Nh7 Bc3 32. Nf8+ Kf7 33. Nd7 Ke7 34. Nb8 Kd6 35. Na6 c5 36. a3 Kc6 37. b4 cxb4 38. axb4 b5 0-1

[Event "Vikings GM"]
[Site "York"]
[Date "1999.12.16"]
[Round "4"]
[White "Barsov, Alexei"]
[Black "Hodgson, Julian M"]
[Result "1-0"]
[WhiteElo "2539"]
[BlackElo "2605"]
[PlyCount "119"]
[EventDate "1999.12.13"]
[Source "ChessBase"]
[SourceDate "2000.04.05"]

1. d4 d6 2. Nf3 Bg4 3. c4 Nd7 4. Qb3 Rb8 5. Be3 g6 6. Nfd2 Bg7 7. f3 Bf5 8. Nc3 c5 9. d5 Ne5 10. h3 Bc8 11. f4 Nd7 12. Bf2 a6 13. a4 Ngf6 14. e4 Nh5 15. g3 e6 16. Be2 Nhf6 17. O-O O-O 18. Rfe1 Ne8 19. Bf1 Nc7 20. a5 Kh8 21. Qc2 b5 22. axb6 Rxb6 23. Rad1 g5 24. e5 gxf4 25. exd6 Ne8 26. g4 Nxd6 27. dxe6 fxe6 28. Nf3 Bb7 29. Rxe6 Bxf3 30. Rdxd6 Rxd6 31. Rxd6 Qe7 32. Rxa6 Ne5 33. Nd5 Qb7 34. Rb6 Qc8 35. Rb3 h5 36. Ne7 Qe6 37. Ng6+ Nxg6 38. Rxf3 hxg4 39. hxg4 Qxg4+ 40. Bg2 Rd8 41. Rh3+ Kg8 42. Kh2 Bd4 43. Bf3 Qg5 44. Rh5 Qf6 45. Rh6 Kg7 46. Bh4 Qxh4+ 47. Rxh4 Nxh4 48. Kh3 Ng6 49. Bh5 Ne5 50. Qf5 Rf8 51. Qg5+ Kh7 52. Bd1 Ng6 53. Bc2 Rf6 54. Kg4 f3 55. Kh5 f2 56. Bxg6+ Kh8 57. Bd3 f1=Q 58. Bxf1 Rxf1 59. Qd8+ Kh7 60. b4 1-0

[Event "HUN-ch"]
[Site "Lillafured"]
[Date "1999.02.03"]
[Round "3"]
[White "Chernin, Alexander"]
[Black "Tolnai, Tibor"]
[Result "1-0"]
[WhiteElo "2604"]
[BlackElo "2535"]
[PlyCount "76"]
[EventDate "1999.02.01"]
[Source "ChessBase"]
[SourceDate "1999.06.08"]

1. d4 d6 2. Nf3 Bg4 3. Nbd2 Nd7 4. c3 c6 5. e4 e5 6. Bc4 Bh5 7. O-O Ngf6 8. Re1 Be7 9. Qb3 b5 10. Bd3 O-O 11. Nh4 Bg4 12. h3 Be6 13. Qd1 g6 14. Nhf3 Nh5 15. Nf1 Rb8 16. Bh6 Re8 17. Bc2 f6 18. Bb3 Bxb3 19. Qxb3+ Kh8 20. Rad1 Bf8 21. Bxf8 Nxf8 22. dxe5 fxe5 23. Qa3 Re6 24. Qxa7 Re7 25. Qa3 Rd7 26. Rd2 Rc8 27. Qb3 Qf6 28. Ne3 Nf4 29. Ng4 Qg7 30. g3 N4e6 31. Qd1 Rcd8 32. a4 bxa4 33. Qxa4 Rc7 34. Red1 h5 35. Ngxe5 Nc5 36. Qc4 Re8 37. Rxd6 Rxe5 38. Nxe5 Qxe5 1-0

[Event "PCA-op"]
[Site "New York"]
[Date "1994.??.??"]
[Round "5"]
[White "Van Wely, Loek"]
[Black "Christiansen, Larry Mark"]
[Result "1-0"]
[WhiteElo "2560"]
[BlackElo "2575"]
[PlyCount "123"]
[EventDate "1994.??.??"]
[Source "ChessBase"]

1. d4 d6 2. Nf3 Bg4 3. c4 Nd7 4. e4 e5 5. Be2 Be7 6. O-O Bxf3 7. Bxf3 Bg5 8. Bxg5 Qxg5 9. Nc3 Ne7 10. Nb5 O-O 11. Nxc7 Rac8 12. Nb5 Rxc4 13. d5 Qf6 14. Qb3 Rc5 15. Nxa7 Rb8 16. a4 g6 17. a5 h5 18. Qa4 Nf8 19. b4 Rc3 20. Ra3 Rxa3 21. Qxa3 Ra8 22. Qe3 Nh7 23. Rc1 Ng5 24. Nb5 h4 25. Bg4 Kg7 26. h3 Ng8 27. Rc4 Nh6 28. Be2 Re8 29. Qb6 Rd8 30. Qxb7 Qf4 31. Qb6 Qd2 32. Qxd8 Qxe2 33. Qxg5 Qxc4 34. Nxd6 Qc3 35. Ne8+ Kf8 36. Qxh6+ Kxe8 37. Qxh4 Qxb4 38. Qh8+ Kd7 39. Qxe5 Qe1+ 40. Kh2 Qxf2 41. a6 Qb6 42. Qa1 Qa7 43. e5 g5 44. Qf1 Ke8 45. Qf6 g4 46. e6 Qc7+ 47. Kg1 Qc1+ 48. Kf2 Qd2+ 49. Kg3 fxe6 50. Qxe6+ Kd8 51. a7 Qc3+ 52. Kxg4 Qg7+ 53. Kf5 Qh7+ 54. Qg6 Qd7+ 55. Kf4 Qa4+ 56. Kg3 Qa3+ 57. Kh2 Ke7 58. Qe6+ Kf8 59. Qf6+ Kg8 60. Qd8+ Kf7 61. a8=Q Qd6+ 62. Qxd6 1-0

[Event "2nd IECC, Ohrid MKD"]
[Site "?"]
[Date "2001.??.??"]
[Round "11"]
[White "Atalik, S."]
[Black "Sturua, Z."]
[Result "1-0"]
[WhiteElo "2535"]
[BlackElo "2600"]
[PlyCount "65"]
[EventDate "2001.??.??"]
[Source "www.chesslib.no"]
[SourceDate "2004.05.04"]

1. d4 d6 2. Nf3 Bg4 3. c4 c6 4. Nc3 Nd7 5. e4 e5 6. Be2 Be7 7. d5 Ngf6 8. Be3 Bxf3 9. Bxf3 O-O 10. h4 Ne8 11. g3 Qb8 12. Rb1 a5 13. a3 Bd8 14. b4 axb4 15. axb4 c5 16. bxc5 Ba5 17. Qc2 dxc5 18. O-O Bxc3 19. Qxc3 Nd6 20. Qc2 Qc7 21. Be2 Ra3 22. Bc1 Ra6 23. Bd3 Re8 24. Bb2 f5 25. Rfe1 fxe4 26. Bxe4 Nxe4 27. Rxe4 Rf8 28. Rbe1 Rf5 29. R4e3 Raf6 30. f4 exf4 31. Re8+ Nf8 32. R1e7 Qb6 33. g4 1-0

[Event "Bundesliga 9495"]
[Site "GER"]
[Date "1994.??.??"]
[Round "?"]
[White "Ftacnik, Lubomir"]
[Black "Hodgson, Julian M"]
[Result "1/2-1/2"]
[WhiteElo "2565"]
[BlackElo "2570"]
[PlyCount "51"]
[EventDate "1994.10.??"]
[Source "www.chesslib.no"]
[SourceDate "2004.05.04"]

1. d4 d6 2. Nf3 Bg4 3. g3 Bxf3 4. exf3 d5 5. Bd3 e6 6. O-O g6 7. c3 Bg7 8. Qb3 b6 9. a4 a6 10. Re1 Ne7 11. Bg5 Nd7 12. c4 Nf6 13. Nc3 O-O 14. cxd5 Nexd5 15. Be4 c6 16. Rac1 h6 17. Bd2 a5 18. Ne2 Qd6 19. Rc4 Rac8 20. Rec1 Rc7 21. Nf4 Rfc8 22. Nd3 Nd7 23. f4 c5 24. dxc5 Nxc5 25. Nxc5 Rxc5 26. Rxc5 1/2-1/2

[Event "XXX Open"]
[Site "Andorra la Vella"]
[Date "2003.??.??"]
[Round "6"]
[White "Epishin, Vladimir"]
[Black "Paunovic, Dragan"]
[Result "1/2-1/2"]
[WhiteElo "2640"]
[BlackElo "2495"]
[PlyCount "92"]
[EventDate "2003.07.05"]
[Source "Roberto Alvarez"]
[SourceDate "2003.07.21"]

1. d4 d6 2. Nf3 Bg4 3. c4 Nd7 4. Qb3 Bxf3 5. Qxf3 c6 6. e4 g6 7. Nc3 Bg7 8. Be3 Ngf6 9. Qd1 O-O 10. Be2 a6 11. d5 Nc5 12. f3 a5 13. O-O Nfd7 14. Rc1 a4 15. Kh1 Qa5 16. Bd2 Qb6 17. Rb1 f5 18. exf5 gxf5 19. Qc2 f4 20. b4 axb3 21. axb3 Ne5 22. b4 Ncd7 23. Ne4 cxd5 24. Ng5 Ng6 25. Ne6 Rf7 26. cxd5 Ndf8 27. Ng5 Rf6 28. Rbc1 Ne5 29. Ne4 Rf7 30. Rfd1 h6 31. Qc7 Nfd7 32. Qxb6 Nxb6 33. Be1 Ra2 34. Bf1 Rf8 35. Bf2 Nbd7 36. Bd4 Ra4 37. Bc3 Rfa8 38. Bb5 Ra2 39. Bd2 Rb2 40. Bc3 Rba2 41. Bd2 Rb2 42. Bxf4 Rxb4 43. Bf1 Kf7 44. Rb1 Rxb1 45. Rxb1 b6 46. h3 Ra3 1/2-1/2

[Event "4th IECC"]
[Site "Istanbul"]
[Date "2003.05.30"]
[Round "1"]
[White "Korobov, Anton"]
[Black "Fridman, Daniel"]
[Result "1-0"]
[WhiteElo "2513"]
[BlackElo "2621"]
[PlyCount "81"]
[EventDate "2003.05.30"]
[Source "Roberto Alvarez"]
[SourceDate "2003.06.23"]

1. d4 d6 2. Nf3 Bg4 3. e4 Nf6 4. Nc3 c6 5. Be3 e6 6. Qd2 Nbd7 7. O-O-O d5 8. e5 Ng8 9. Be2 Nb6 10. Bg5 Qc7 11. Qf4 Bh5 12. g4 Bg6 13. Qe3 h6 14. Bf4 Ne7 15. Nd2 a5 16. Bg3 a4 17. a3 Nd7 18. f4 Qa5 19. Rdf1 b5 20. Na2 Rc8 21. f5 exf5 22. Bd3 fxg4 23. Bxg6 fxg6 24. Qf4 Qb6 25. Nb4 h5 26. Qf7+ Kd8 27. e6 Nf6 28. Rxf6 gxf6 29. Qxf6 Rg8 30. Bd6 Rc7 31. Qf7 Rh8 32. Be5 Rg8 33. Bf6 Kc8 34. Bxe7 Bxe7 35. Qxg8+ Kb7 36. c3 g5 37. Qg6 h4 38. Rg1 Bd6 39. Rxg4 Bxh2 40. Qxg5 Bg3 41. Nf3 1-0

[Event "New York Open"]
[Site "New York, NY USA"]
[Date "1989.??.??"]
[Round "4"]
[White "Gulko, Boris F"]
[Black "Miles, Anthony J"]
[Result "1-0"]
[WhiteElo "2610"]
[BlackElo "2520"]
[PlyCount "59"]
[EventDate "1989.03.??"]
[Source "www.chesslib.no"]
[SourceDate "2004.05.04"]

1. d4 d6 2. Nf3 Bg4 3. c4 Nd7 4. e4 e5 5. Be2 Be7 6. Nc3 Bxf3 7. Bxf3 Bg5 8. Bxg5 Qxg5 9. O-O Qd8 10. Bg4 Ngf6 11. f4 O-O 12. Bxd7 Nxd7 13. Qd2 c6 14. Kh1 Qe7 15. Rad1 Rad8 16. fxe5 dxe5 17. d5 Qc5 18. dxc6 bxc6 19. Rf3 f6 20. Rd3 Rf7 21. b3 Qa5 22. Na4 Qxd2 23. R3xd2 g6 24. Kg1 Kg7 25. Kf2 Kh6 26. Ke3 Kg5 27. Nc5 Nxc5 28. Rxd8 Rb7 29. R1d6 Rb6 30. Rc8 1-0

[Event "USA-ch prelim B"]
[Site "?"]
[Date "1999.08.24"]
[Round "2"]
[White "Dzindzichashvili Roman"]
[Black "Benjamin Joel L"]
[Result "1/2-1/2"]
[WhiteElo "2544"]
[BlackElo "2579"]
[PlyCount "41"]
[EventDate "1999.??.??"]
[Source "www.chesslib.no"]
[SourceDate "2004.05.04"]

1. d4 d6 2. Nf3 Bg4 3. e4 Nf6 4. h3 Bh5 5. Nc3 e6 6. Be2 c6 7. Bg5 Be7 8. O-O O-O 9. Qd2 Nbd7 10. Rad1 d5 11. e5 Ne8 12. Bxe7 Qxe7 13. Ne1 Bxe2 14. Nxe2 f6 15. f4 c5 16. c3 Nc7 17. Nf3 fxe5 18. Nxe5 Nxe5 19. fxe5 Rxf1+ 20. Rxf1 Rf8 21. Rxf8+ 1/2-1/2

[Event "Baile Herculane"]
[Site "?"]
[Date "1994.??.??"]
[Round "?"]
[White "Greenfeld, A."]
[Black "Sokolovs, A."]
[Result "1-0"]
[WhiteElo "2600"]
[BlackElo "2520"]
[PlyCount "79"]
[EventDate "1994.??.??"]
[Source "ChessBase"]
[SourceDate "1994.10.01"]

1. d4 d6 2. Nf3 Bg4 3. c4 Nd7 4. g3 Bxf3 5. exf3 e6 6. Nc3 c6 7. d5 exd5 8. cxd5 Ngf6 9. Bf4 Ne5 10. Bg2 Be7 11. Bxe5 dxe5 12. dxc6 bxc6 13. f4 Qc7 14. O-O exf4 15. Nb5 Qb6 16. Nd6+ Kf8 17. Nf5 Bc5 18. Rc1 fxg3 19. hxg3 Re8 20. Qf3 Re6 21. Qc3 Bb4 22. Qc4 g6 23. Nd4 Re8 24. Nxc6 Bd6 25. Qd3 Bc7 26. Qc3 Kg7 27. Rfe1 Bd6 28. b4 h5 29. a3 Rhf8 30. Rcd1 Rxe1+ 31. Rxe1 a6 32. Re3 Qb5 33. Rd3 Bc7 34. Rd7 Bb6 35. Rd6 Qf5 36. Nd4 Bxd4 37. Qxd4 Rc8 38. Bf1 Rc1 39. Kg2 g5 40. Bd3 1-0

[Event "Brno Morava-A"]
[Site "Brno"]
[Date "1991.??.??"]
[Round "4"]
[White "Dautov, Rustem"]
[Black "Mokry, Karel"]
[Result "0-1"]
[WhiteElo "2595"]
[BlackElo "2525"]
[PlyCount "90"]
[EventDate "1991.09.??"]
[Source "ChessBase"]

1. d4 d6 2. Nf3 Bg4 3. e3 Nd7 4. c4 e5 5. Nc3 Be7 6. Be2 c6 7. O-O f5 8. e4 f4 9. c5 Bxf3 10. Bxf3 Ngf6 11. cxd6 Bxd6 12. d5 c5 13. Nb5 Qe7 14. b4 cxb4 15. a3 O-O 16. axb4 a6 17. Nxd6 Qxd6 18. Bd2 b5 19. g3 fxg3 20. hxg3 Nb6 21. Kg2 Nc4 22. Bc3 Rf7 23. Qd3 h5 24. Rae1 Ng4 25. Bxg4 hxg4 26. f3 Qh6 27. fxg4 Rxf1 28. Kxf1 Qh2 29. Re3 Nxe3+ 30. Qxe3 Rf8+ 31. Ke1 Qg2 32. Kd1 Rf3 33. Qg5 Qf1+ 34. Be1 Qd3+ 35. Kc1 Qe3+ 36. Bd2 Qxg5 37. Bxg5 Rxg3 38. Bh4 Rg1+ 39. Kd2 Kf7 40. Bf2 Rxg4 41. Ke3 g5 42. Be1 Rg2 43. Kf3 Rc2 44. Ke3 Ke7 45. Kf3 Kd6 0-1

[Event "Munich Open 9293"]
[Site "Munich GER"]
[Date "1993.??.??"]
[Round "4"]
[White "Groszpeter, Attila"]
[Black "Smirin, Ilia"]
[Result "1/2-1/2"]
[WhiteElo "2525"]
[BlackElo "2590"]
[PlyCount "140"]
[EventDate "1993.??.??"]
[Source "www.chesslib.no"]
[SourceDate "2004.05.04"]

1. d4 d6 2. Nf3 Bg4 3. c4 Nd7 4. Qb3 Rb8 5. h3 Bh5 6. Bf4 Ngf6 7. Nbd2 c5 8. e3 Qa5 9. Qc3 Qxc3 10. bxc3 Bg6 11. Nh4 Bc2 12. Rc1 Ba4 13. g4 h6 14. Bg3 e6 15. e4 Be7 16. f4 cxd4 17. cxd4 d5 18. f5 Nxe4 19. Nxe4 Bxh4 20. Nd6+ Ke7 21. Bxh4+ Kxd6 22. Bg3+ e5 23. Bg2 f6 24. O-O dxc4 25. Rxc4 Bc6 26. dxe5+ Nxe5 27. Rd1+ Ke7 28. Bxe5 fxe5 29. Bxc6 bxc6 30. Rxc6 Rhc8 31. Re6+ Kf8 32. Rd2 Rc3 33. Kg2 Re3 34. h4 Rb6 35. Rd8+ Kf7 36. Rd7+ Kf8 37. Rd8+ Kf7 38. Rd7+ Kf8 39. Rxb6 axb6 40. g5 hxg5 41. hxg5 Ra3 42. g6 Rxa2+ 43. Kg3 Ra4 44. Rf7+ Kg8 45. Rb7 Kf8 46. Rb8+ Ke7 47. Rxb6 Ra8 48. Re6+ Kf8 49. Rxe5 Ra3+ 50. Kf4 Ra4+ 51. Kg5 Ra8 52. Rc5 Rb8 53. Rc7 Ra8 54. Kf4 Ra4+ 55. Ke5 Ra5+ 56. Kd6 Ra6+ 57. Kd7 Ra8 58. Rb7 Re8 59. Kd6 Ra8 60. Rf7+ Kg8 61. Rd7 Kf8 62. Rc7 Ra6+ 63. Rc6 Ra8 64. Ke6 Re8+ 65. Kd7 Ra8 66. Rc7 Re8 67. Kc6 Ra8 68. Rf7+ Kg8 69. Kb6 Rb8+ 70. Kc7 Rb5 1/2-1/2

[Event "Oxford GM-A"]
[Site "Oxford"]
[Date "1998.12.18"]
[Round "5"]
[White "Gausel, Einar"]
[Black "Hodgson, Julian M"]
[Result "1/2-1/2"]
[WhiteElo "2540"]
[BlackElo "2575"]
[PlyCount "35"]
[EventDate "1998.12.14"]
[Source "ChessBase"]
[SourceDate "1999.04.01"]

1. d4 d6 2. Nf3 Bg4 3. c4 Nd7 4. e4 e5 5. Be2 Be7 6. O-O Bxf3 7. Bxf3 exd4 8. Qxd4 Bf6 9. Qd2 Ne7 10. Nc3 O-O 11. b3 Nc5 12. Bb2 a5 13. Rad1 Re8 14. Na4 Nc6 15. Nxc5 dxc5 16. Qxd8 Raxd8 17. e5 Nxe5 18. Bxe5 1/2-1/2

[Event "Tilburg NED"]
[Site "Tilburg NED"]
[Date "1994.??.??"]
[Round "?"]
[White "Greenfeld, Alon"]
[Black "Svidler, Peter"]
[Result "0-1"]
[WhiteElo "2610"]
[BlackElo "2505"]
[PlyCount "74"]
[EventDate "1994.??.??"]
[Source "www.chesslib.no"]
[SourceDate "2004.05.04"]

1. d4 d6 2. Nf3 Bg4 3. e4 Nf6 4. h3 Bh5 5. Qe2 a6 6. Nc3 e6 7. g4 Bg6 8. h4 h5 9. g5 Nfd7 10. Be3 c6 11. Bh3 d5 12. Nd2 Bb4 13. O-O O-O 14. f4 Bxc3 15. bxc3 dxe4 16. f5 exf5 17. Bxf5 Re8 18. Rab1 b5 19. Qh2 Nb6 20. Rbe1 Nd5 21. Kh1 Nxc3 22. Nb3 Nd5 23. Bg1 e3 24. Nc5 Bxf5 25. Rxf5 Nd7 26. Nb7 Qb6 27. Nd6 Qxd4 28. Rxf7 Qg4 29. Re2 Ne5 30. Rg2 Qe6 31. Rf6 gxf6 32. gxf6+ Ng4 33. f7+ Kh7 34. f8=Q Nc7 35. Rd2 c5 36. Qg3 Rec8 37. Bxe3 Nxe3 0-1

[Event "Estonia-Matc"]
[Site "Estonia-Latvia Matc"]
[Date "1993.??.??"]
[Round "?"]
[White "Oll, Lembit"]
[Black "Bagirov, Vladimir K"]
[Result "1-0"]
[WhiteElo "2585"]
[BlackElo "2530"]
[PlyCount "145"]
[EventDate "1993.??.??"]
[Source "www.chesslib.no"]
[SourceDate "2004.05.04"]

1. d4 d6 2. Nf3 Bg4 3. c4 Nd7 4. Qb3 Rb8 5. g3 g6 6. Nbd2 Bg7 7. Bg2 c5 8. e3 Ngf6 9. O-O O-O 10. h3 Bxf3 11. Nxf3 a6 12. Qc2 b5 13. dxc5 Nxc5 14. Nd4 Qd7 15. b4 Na4 16. c5 Rfc8 17. Ba3 dxc5 18. bxc5 e5 19. Nb3 b4 20. Bb2 Qc7 21. Rac1 Nxb2 22. Qxb2 e4 23. Qe2 a5 24. Qa6 Nd5 25. Nxa5 Nc3 26. Nb3 f5 27. Rfe1 Ra8 28. Qc4+ Qf7 29. Bf1 Nxa2 30. Rcd1 Qxc4 31. Bxc4+ Kh8 32. Rd7 Nc3 33. Rb7 Be5 34. Rxb4 Ra4 35. Rxa4 Nxa4 36. Be6 Rc7 37. Rc1 Kg7 38. Kg2 Kf6 39. Bd5 Nc3 40. Bc4 Na4 41. Bf1 Ke7 42. c6 Kd6 43. Na5 Bc3 44. Bb5 Bxa5 45. Bxa4 Ra7 46. g4 Bb6 47. Rc4 Bc5 48. Bb5 Kd5 49. Rc2 Bd6 50. gxf5 gxf5 51. h4 h6 52. Kh3 Ra5 53. c7 Bxc7 54. Rxc7 Rxb5 55. Re7 Rb6 56. Kg3 Re6 57. Ra7 Rg6+ 58. Kf4 Rg4+ 59. Kxf5 Rxh4 60. Rd7+ Kc6 61. Rd4 Rh2 62. Rd2 Rh4 63. Ke5 h5 64. Rd4 Rh2 65. Rd6+ Kc5 66. Rf6 h4 67. Kxe4 h3 68. Kf3 Rh1 69. Kg3 Kd5 70. Rf4 Ke5 71. Rh4 Rg1+ 72. Kxh3 Kf5 73. Rf4+ 1-0

[Event "Biel"]
[Site "Biel"]
[Date "1989.??.??"]
[Round "?"]
[White "Sokolov, Ivan"]
[Black "Miles, Anthony J"]
[Result "0-1"]
[WhiteElo "2525"]
[BlackElo "2580"]
[PlyCount "40"]
[EventDate "1989.07.??"]
[Source "ChessBase"]

1. d4 d6 2. Nf3 Bg4 3. c4 Nd7 4. e4 e5 5. Be2 Be7 6. d5 Bxf3 7. Bxf3 Bg5 8. Nc3 a5 9. Bxg5 Qxg5 10. O-O Nh6 11. Qb3 Nc5 12. Qb5+ Ke7 13. Na4 b6 14. Nxc5 bxc5 15. a3 Rhb8 16. Qc6 Kd8 17. h4 Qd2 18. Bd1 Ng8 19. Ba4 Nf6 20. f4 Rxb2 0-1

[Event "London WFW"]
[Site "London"]
[Date "1991.??.??"]
[Round "?"]
[White "Larsen, Bent"]
[Black "Hodgson, Julian M"]
[Result "1/2-1/2"]
[WhiteElo "2560"]
[BlackElo "2545"]
[PlyCount "92"]
[EventDate "1991.05.??"]
[Source "ChessBase"]

1. d4 d6 2. Nf3 Bg4 3. Nbd2 Nf6 4. h3 Bh5 5. g4 Bg6 6. Bg2 c6 7. Nh4 e5 8. Nxg6 hxg6 9. dxe5 dxe5 10. Nc4 Qxd1+ 11. Kxd1 Nbd7 12. Bd2 Nd5 13. e3 Be7 14. Ke2 f5 15. Rad1 e4 16. f3 exf3+ 17. Bxf3 N5b6 18. Na5 O-O-O 19. Bc3 Rh7 20. Bg2 Re8 21. Bd4 Bf6 22. b3 Ne5 23. Kd2 Kc7 24. Rdf1 fxg4 25. hxg4 Rxh1 26. Bxh1 Nxg4 27. Rg1 Ne5 28. a4 Rh8 29. Be4 Rh5 30. Kc1 Ned7 31. Nc4 Nxc4 32. bxc4 Bxd4 33. exd4 Rh4 34. Bxg6 Rxd4 35. Bf5 Nc5 36. a5 Rxc4 37. Rxg7+ Kd6 38. a6 bxa6 39. Rxa7 a5 40. Kb2 Rb4+ 41. Ka3 Ra4+ 42. Kb2 Ke5 43. Bg6 Kd6 44. Bd3 Kd5 45. Bg6 Kc4 46. Be8 Kd5 1/2-1/2

[Event "ESP Team Ch"]
[Site "Cordoba ARG"]
[Date "1995.??.??"]
[Round "4"]
[White "Giorgadze, Giorgi"]
[Black "Rivas Pastor, Manuel"]
[Result "1-0"]
[WhiteElo "2590"]
[BlackElo "2515"]
[PlyCount "137"]
[EventDate "1995.??.??"]
[Source "www.chesslib.no"]
[SourceDate "2004.05.04"]

1. d4 d6 2. Nf3 Bg4 3. e3 e6 4. c4 Nd7 5. Nc3 Be7 6. Be2 h6 7. O-O Ngf6 8. e4 e5 9. Be3 O-O 10. Qc2 c6 11. Rfd1 Qb8 12. b4 Re8 13. d5 cxd5 14. cxd5 Rc8 15. Qb3 Ne8 16. h3 Bxf3 17. Bxf3 Bg5 18. Bxg5 hxg5 19. Ne2 Rc7 20. a4 a5 21. Nc3 axb4 22. Nb5 Nc5 23. Qxb4 Re7 24. a5 b6 25. axb6 Rxa1 26. Rxa1 Qxb6 27. Qa5 Qxa5 28. Rxa5 Rb7 29. Nxd6 Nxd6 30. Rxc5 Kf8 31. Rc2 Rb1+ 32. Kh2 Re1 33. Rc6 Ke7 34. Rc7+ Ke8 35. Bg4 Nxe4 36. Bd7+ Kf8 37. Bc6 Rd1 38. Rc8+ Ke7 39. Re8+ Kf6 40. f3 Nc3 41. Rd8 e4 42. d6 exf3 43. Bxf3 Rd3 44. Bc6 Nd5 45. Rf8 Nf4 46. Be8 Rxd6 47. Rxf7+ Ke5 48. Rxg7 Ne6 49. Re7 Kf6 50. Rf7+ Ke5 51. Rf2 Nc5 52. Bh5 Ne4 53. Rf1 Nf6 54. Bg6 Rd5 55. Kg3 Ke6 56. Re1+ Re5 57. Bf7+ Kd6 58. Ra1 Re3+ 59. Kf2 Rc3 60. Bg6 Rc5 61. Ra3 Re5 62. Bd3 Ke6 63. Ra6+ Kf7 64. Ra7+ Ke6 65. g4 Nd5 66. Bc4 Kf6 67. Ra3 Ke7 68. Ra5 Kd6 69. Rxd5+ 1-0

[Event "Altensteig"]
[Site "Altensteig"]
[Date "1994.??.??"]
[Round "1"]
[White "Dautov, Rustem"]
[Black "Bezold, Michael"]
[Result "1/2-1/2"]
[WhiteElo "2630"]
[BlackElo "2475"]
[PlyCount "32"]
[EventDate "1994.08.??"]
[Source "ChessBase"]

1. d4 d6 2. Nf3 Bg4 3. e4 Nf6 4. Bd3 e6 5. Nbd2 Be7 6. c3 Bh5 7. Nf1 d5 8. e5 Nfd7 9. Ng3 Bg6 10. Bxg6 hxg6 11. Qb3 Nb6 12. a4 a5 13. Be3 N8d7 14. O-O O-O 15. Nd2 c5 16. dxc5 Nxc5 1/2-1/2

[Event "GER-ARM"]
[Site "Baden-Baden"]
[Date "1996.??.??"]
[Round "2"]
[White "Hertneck, Gerald"]
[Black "Minasian, Artashes"]
[Result "1-0"]
[WhiteElo "2565"]
[BlackElo "2540"]
[PlyCount "77"]
[EventDate "1996.07.31"]
[Source "ChessBase"]

1. d4 d6 2. Nf3 Bg4 3. g3 Bxf3 4. exf3 d5 5. c4 c6 6. Nc3 e6 7. Qb3 Qd7 8. Bg2 g6 9. Bf4 Bg7 10. cxd5 exd5 11. O-O Ne7 12. Bh3 f5 13. Rfe1 O-O 14. Rad1 Rf7 15. Bf1 Nc8 16. Na4 b6 17. h4 Bf8 18. Be5 Nd6 19. Qc2 Nb7 20. f4 h5 21. Nc3 Nd6 22. Kh2 b5 23. a4 a6 24. b3 Ra7 25. Na2 Rb7 26. Nc1 a5 27. Nd3 Na6 28. Nc5 Nxc5 29. dxc5 Ne4 30. axb5 Nxc5 31. bxc6 Qxc6 32. Bg2 Rfd7 33. Rxd5 Rxd5 34. Rd1 Rbd7 35. Rxd5 Rxd5 36. Qc4 Kh7 37. Bxd5 Qd7 38. Bc3 Qd6 39. Qd4 1-0

[Event "III Open"]
[Site "Calcutta IND"]
[Date "2008.04.02"]
[Round "10"]
[White "Koneru, H."]
[Black "Rahman, Zia"]
[Result "1/2-1/2"]
[WhiteElo "2612"]
[BlackElo "2492"]
[PlyCount "49"]
[EventDate "2008.03.24"]
[Source "www.chesslib.no"]
[SourceDate "2004.05.04"]

1. d4 d6 2. Nf3 Bg4 3. c4 Bxf3 4. exf3 c6 5. Nc3 Nd7 6. Be3 Ngf6 7. Bd3 g6 8. O-O Bg7 9. Re1 O-O 10. f4 e6 11. g4 d5 12. g5 Ne8 13. cxd5 cxd5 14. h4 Nd6 15. h5 Rc8 16. Nb5 Nxb5 17. Bxb5 Nb8 18. h6 Bh8 19. Qd2 Qb6 20. Ba4 Qa6 21. Bb3 Nc6 22. Rac1 Qb6 23. Qd3 Ne7 24. Rc3 Nf5 25. Rec1 1/2-1/2